000
00317nam a2200121Ia 4500
008
190216s9999||||xx |||||||||||||| ||und||
100
_a
Rajagopalan.R
245
0
_a
Third Book On Computer Science
260
_b
Tata Mcgraw Hill Publishing Company Ltd
_c
1992
300
_a
85p
650
_a
Computer Science
942
_c
BK
999
_c
8449
_d
8449